00441nam a2200181Ia 4500003000400000005001700004008004100021040000700062041000800069082001900077100001500096245003900111260005400150300001200204365001300216650001600229650001400245OSt20230608155324.0210423s2005 xx 000 0 und d cAL aeng a307.1 SELE223 aSELVAM (S) aEmpowerment and social development aNew DelhibKanishka Publishers Distributorsc2005 a150bHB b350cINR aCommunities aSociology